| 000 | 01538cam a22003974i 4500 | ||
|---|---|---|---|
| 003 | PE-LiUPU | ||
| 005 | 20250731175622.0 | ||
| 008 | 150623s1996 miu r 000 0 eng d | ||
| 020 | _a0310205824 | ||
| 035 | _a(Sirsi) i9780310205821 | ||
| 040 |
_aPE-LiUPU _bspa _cPE-LiUPU _erda |
||
| 049 | _aPRUA | ||
| 082 | 0 | 4 |
_a487.4 _bM82 _221 |
| 100 | 1 |
_aMounce, William D., _eautor. |
|
| 245 | 1 | 0 |
_aA graded reader of biblical Greek / _cWilliam D. Mounce. |
| 264 | 1 |
_aMichigan : _bZondervan Publishing House, _c1996. |
|
| 300 |
_a206 páginas ; _c28 centímetros |
||
| 336 |
_atext _2rdacontent |
||
| 337 |
_aunmediated _2rdamedia |
||
| 338 |
_avolume _2rdacarrier |
||
| 505 | 0 | _a1 John -- John -- Mark -- Colossians -- Mattew -- Romans -- James -- Philippians -- Mattew -- 1 Peter -- 1 Timothy -- Luke -- Ephesians -- Acts -- 2 Thessalonians -- Hebrews -- Revelation -- Psalm -- Didache. | |
| 526 | _aP145 | ||
| 526 | _aP127 | ||
| 526 | _aP97 | ||
| 526 | _aP35 | ||
| 526 | _aP14 | ||
| 526 | _aP07 | ||
| 630 |
_aBiblia. _pN.T. _xLenguaje, estilo. |
||
| 650 | 0 | 4 |
_aGriego bíblico _xLectores. |
| 942 |
_2ddc _cBOOK |
||
| 949 |
_a487.4 M82 _wDEWEY _c1 _i44931 _lCCODEBUL1 _mBUL _r0 _sY _tBOOK _u2015-6-24 _xTEOLOGIA _PP35 _0COMPRA _o.STAFF. Colección General |
||
| 994 |
_aC0 _bPEPRU |
||
| 596 | _a1 | ||
| 999 |
_a487.4 M82 _wDEWEY _c21804 _i44931 _d21804 _f2021-11-11 _g5 _lCCODEBUL1 _mBUL _p15.44 _q3 _r0 _sY _tBOOK _u2015-6-24 _xTEOLOGIA _PP35 _0COMPRA _o.STAFF. Colección Teología |
||
| 980 |
_81 _gALBERTO SANCHEZ Responsable de Automatización |
||